Statistics for Countries which are most peaceful

Click here to take the quiz!

General Stats

  • This quiz has been taken 54 times
  • The average score is 7 of 10

Answer Stats

HintAnswer% Correct
5Denmark
90%
6Canada
85%
1Iceland
85%
10Ireland
79%
2New Zealand
79%
3Austria
71%
9Japan
71%
8Singapore
65%
4Portugal
62%
7Czech Republic
46%

Score Distribution

Percentile by Number Answered

Percent of People with Each Score

Your Score History

You have not taken this quiz